LEADER 01238cam0-22003731i-450- 001 990006171430403321 005 20101206111007.0 010 $a88-08-14308-2 035 $a000617143 035 $aFED01000617143 035 $a(Aleph)000617143FED01 035 $a000617143 100 $a20000112d1994----km-y0itay50------ba 101 0 $aita 102 $aIT 105 $ay-------001yy 200 1 $aNorme sull'esercizio del diritto di sciopero nei servizi pubblici essenziali$eart. 40 supplemento$elegge 12 giugno 1990 n. 146$fUmberto Romagnoli, Maria Vittoria Ballestrero 210 $aBologna$cZanichelli$eRoma$cSoc. ed. del Foro italiano$d1994 215 $aXI, 337 p.$d24 cm 676 $a342 700 1$aRomagnoli,$bUmberto$f<1935- >$0127641 701 1$aBallestrero,$bMaria Vittoria$f<1940- >$0345583 801 0$aIT$bUNINA$gRICA$2UNIMARC 901 $aBK 912 $a990006171430403321 952 $aI B 414 (4-11)$b24794*$fFGBC 952 $a17-SC-40$b10569$fDDCP 952 $aCOST.40$b1506$fDDRC 952 $aD-VII-40$b8332 dip.$fDDRC 959 $aFGBC 959 $aDDCP 959 $aDDRC 996 $aNorme sull'esercizio del diritto di sciopero nei servizi pubblici essenziali$9647299 997 $aUNINA